Основы химической кинетики в газах и растворах

Detalles Bibliográficos
Autor principal: Еремин Е. Н. Евгений Николаевич
Lenguaje:ruso
Publicado: Москва, Изд-во Московского ун-та, 1971
Materias:
Formato: Libro
KOHA link:https://koha.lib.tpu.ru/cgi-bin/koha/opac-detail.pl?biblionumber=55254

MARC

LEADER 00000nam0a2200000 4500
001 55254
005 20231031051040.0
035 |a (RuTPU)RU\TPU\book\57981 
090 |a 55254 
100 |a 20030910d1971 km y0rusy50 ca 
101 0 |a rus 
102 |a RU 
105 |a a j 001zy 
200 1 |a Основы химической кинетики в газах и растворах  |f Е. Н. Еремин 
210 |a Москва  |d 1971  |c Изд-во Московского ун-та 
215 |a 384 с.  |c ил. 
320 |a Библиогр.: с. 382-384. 
610 1 |a химическая кинетика 
610 1 |a газы 
610 1 |a растворы 
610 1 |a химия 
610 1 |a реакции 
610 1 |a учебники 
675 |a 544.42  |v 3 
700 1 |a Еремин  |b Е. Н.  |g Евгений Николаевич 
801 1 |a RU  |b 63413507  |c 20030910  |g PSBO 
801 2 |a RU  |b 63413507  |c 20130802  |g PSBO 
900 |a Физическая химия 
942 |c BK